000 00372nam a22001457a 4500
999 _c15565
_d15565
003 OSt
008 190516b ||||| |||| 00| 0 eng d
020 _a9789386546739
082 _a664.0068
_bSUD/EN
100 _aSudheer, K P
_94046
245 _aEntrepreneurship development in food processing
260 _aNew Delhi
_bNew india
_c2018
300 _a381 p.
942 _cBK